[Event "8th Gibraltar U16-Junior 2018"]
[Site "Caleta"]
[Date "2018.08.17"]
[Round "2"]
[White "Onslow, Alfie"]
[Black "Lorente Serrano, Rosa Adela"]
[Result "1-0"]
[WhiteElo "2040"]
[BlackElo "1682"]
[Annotator "NA RC"]
[PlyCount "53"]
[EventDate "2018.08.17"]
[EventType "swiss"]
[EventCountry "GGB"]
[SourceTitle "playchess.com"]
[Source "ChessBase"]
[SourceQuality "1"]
[TimeControl "6600+10"]

1. e4 {[%emt 0:00:00]} c5 {[%emt 0:00:02]} 2. Nf3 {[%emt 0:00:00]} d6 {[%emt 0:00:11]} 3. d4 {[%emt 0:00:05]} cxd4 {[%emt 0:00:42]} 4. Nxd4 {[%emt 0:00:10]} Nf6 {[%emt 0:00:27]} 5. Nc3 {[%emt 0:00:05]} a6 {[%emt 0:00:55]} 6. Bg5 {[%emt 0:00:09]} e6 {[%emt 0:01:32]} 7. f4 {[%emt 0:00:13]} h6 {[%emt 0:03:10]} 8. Bh4 {[%emt 0:00:07]} Nbd7 {[%emt 0:01:44]} 9. Qe2 {[%emt 0:03:00]} Qc7 {[%emt 0:01:59]} 10. O-O-O {[%emt 0:02:13]} Be7 {[%emt 0:08:05]} 11. g4 {[%emt 0:00:27]} Nxe4 {[%emt 0:07:26]} 12. Nxe4 {[%emt 0:01:58]} Bxh4 {[%emt 0:00:13]} 13. Nf5 {[%emt 0:02:00]} d5 {[%emt 0:03:51]} 14. Ned6+ {[%emt 0:12:35]} Kf8 {[%emt 0:01:09]} 15. Nxf7 {[%emt 0:05:36]} Kxf7 {[%emt 0:03:42]} 16. Nxh4 {[%emt 0:00:08]} Qxf4+ {[%emt 0:00:08]} 17. Kb1 {[%emt 0:00:12]} Nf6 {[%emt 0:02:16]} 18. h3 {[%emt 0:05:15]} Re8 {[%emt 0:07:54]} 19. Bg2 {[%emt 0:02:25]} Kg8 {[%emt 0:01:09]} 20. Rhf1 {[%emt 0:01:21]} Qd6 {[%emt 0:00:12]} 21. Qd3 {[%emt 0:14:28]} Qc7 {[%emt 0:09:06]} 22. Rxf6 {[%emt 0:02:58]} Qe7 {[%emt 0:11:20]} 23. Qg6 {[%emt 0:02:07]} Qxf6 {[%emt 0:04:22]} 24. Qxe8+ {[%emt 0:00:24]} Kh7 {[%emt 0:00:08]} 25. Nf3 {[%emt 0:02:50]} b5 {[%emt 0:02:17]} 26. Nd4 {[%emt 0:02:05]} e5 {[%emt 0:03:45]} 27. Qc6 {[%emt 0:03:59]} 1-0

[Event "8th Gibraltar U16-Junior 2018"]
[Site "Caleta"]
[Date "2018.08.17"]
[Round "2"]
[White "Jayawarna, Nugith"]
[Black "Seleznev, Egor"]
[Result "1-0"]
[WhiteElo "2013"]
[BlackElo "1388"]
[Annotator "NA RC"]
[PlyCount "69"]
[EventDate "2018.08.17"]
[EventType "swiss"]
[EventCountry "GGB"]
[SourceTitle "playchess.com"]
[Source "ChessBase"]
[SourceQuality "1"]
[TimeControl "6600+10"]

1. c4 {[%emt 2:50:26]} e6 {[%emt 0:00:19]} 2. Nc3 {[%emt 0:00:07]} d5 {[%emt 0:00:32]} 3. d4 {[%emt 0:00:10]} Nf6 {[%emt 0:00:07]} 4. cxd5 {[%emt 0:00:06]} exd5 {[%emt 0:00:21]} 5. Bg5 {[%emt 0:00:04]} c6 {[%emt 0:00:18]} 6. Qc2 {[%emt 0:01:17]} Be7 {[%emt 0:00:53]} 7. e3 {[%emt 0:00:14]} O-O {[%emt 0:00:48]} 8. Bd3 {[%emt 0:00:24]} Nbd7 {[%emt 0:00:43]} 9. Nf3 {[%emt 0:01:20]} Re8 {[%emt 0:00:37]} 10. O-O {[%emt 0:01:17]} Nf8 {[%emt 0:00:16]} 11. Rab1 {[%emt 0:20:39]} Ng6 {[%emt 0:01:06]} 12. b4 {[%emt 0:03:09]} Ne4 {[%emt 0:01:36]} 13. Bxe7 {[%emt 0:00:36]} Qxe7 {[%emt 0:00:15]} 14. b5 {[%emt 0:03:32]} Bg4 {[%emt 0:05:35]} 15. Nd2 {[%emt 0:06:34]} Nxd2 {[%emt 0:02:05]} 16. Qxd2 {[%emt 0:00:03]} Qg5 {[%emt 0:00:55]} 17. f4 {[%emt 0:09:35]} Qh5 {[%emt 0:04:07]} 18. bxc6 {[%emt 0:02:31]} bxc6 {[%emt 0:01:02]} 19. Rb7 {[%emt 0:09:18]} Nh4 {[%emt 0:07:33]} 20. e4 {[%emt 0:05:05]} Reb8 {[%emt 0:12:12]} 21. Rfb1 {[%emt 0:02:56]} Rxb7 {[%emt 0:00:51]} 22. Rxb7 {[%emt 0:00:05]} Bf3 {[%emt 0:02:23]} 23. Qb2 {[%emt 0:05:16]} g6 {[%emt 0:05:29]} 24. gxf3 {[%emt 0:24:33]} Qxf3 {[%emt 0:02:21]} 25. Qe2 {[%emt 0:02:27]} Qxf4 {[%emt 0:00:44]} 26. Rb1 {[%emt 0:02:52]} Nf3+ {[%emt 0:02:09]} 27. Kg2 {[%emt 0:01:24]} Nxd4 {[%emt 0:01:24]} 28. Qf2 {[%emt 0:00:21]} Qg5+ {[%emt 0:04:52]} 29. Kh1 {[%emt 0:00:29]} Ne6 {[%emt 0:01:43]} 30. exd5 {[%emt 0:00:40]} cxd5 {[%emt 0:00:43]} 31. Rf1 {[%emt 0:00:28]} f5 {[%emt 0:03:02]} 32. Nxd5 {[%emt 0:00:47]} Rd8 {[%emt 0:03:00]} 33. Bc4 {[%emt 0:01:04]} Nf8 {[%emt 0:07:44]} 34. Rg1 {[%emt 0:01:00]} Qh6 {[%emt 0:01:55]} 35. Qd4 {[%emt 0:02:39]} 1-0

[Event "8th Gibraltar U16-Junior 2018"]
[Site "Caleta"]
[Date "2018.08.17"]
[Round "2"]
[White "Ledesma Claros, Daniel"]
[Black "Ye, Kevin"]
[Result "1-0"]
[WhiteElo "1954"]
[BlackElo "1653"]
[Annotator "NA RC"]
[PlyCount "79"]
[EventDate "2018.08.17"]
[EventType "swiss"]
[EventCountry "GGB"]
[SourceTitle "playchess.com"]
[Source "ChessBase"]
[SourceQuality "1"]
[TimeControl "6600+10"]

1. e4 {[%emt 0:00:00]} e5 {[%emt 0:00:00]} 2. Nf3 {[%emt 0:00:01]} Nc6 {[%emt 0:00:00]} 3. Bc4 {[%emt 0:00:04]} Bc5 {[%emt 0:00:12]} 4. c3 {[%emt 0:00:05]} Nf6 {[%emt 0:00:07]} 5. d4 {[%emt 0:00:03]} exd4 {[%emt 0:00:04]} 6. cxd4 {[%emt 0:00:04]} Bb4+ {[%emt 0:00:05]} 7. Nc3 {[%emt 0:00:05]} Nxe4 {[%emt 0:00:05]} 8. O-O {[%emt 0:00:03]} Bxc3 {[%emt 0:00:06]} 9. d5 {[%emt 0:00:07]} Bf6 {[%emt 0:00:08]} 10. Re1 {[%emt 0:00:04]} Ne7 {[%emt 0:00:04]} 11. Rxe4 {[%emt 0:00:05]} d6 {[%emt 0:00:04]} 12. Bg5 {[%emt 0:00:05]} Bxg5 {[%emt 0:00:07]} 13. Nxg5 {[%emt 0:00:04]} h6 {[%emt 0:00:10]} 14. Qe2 {[%emt 0:01:41]} hxg5 {[%emt 0:00:41]} 15. Re1 {[%emt 0:00:12]} Be6 {[%emt 0:00:01]} 16. Bb3 {[%emt 0:00:11]} c6 {[%emt 0:01:30]} 17. dxc6 {[%emt 0:00:34]} d5 {[%emt 0:01:29]} 18. Rxe6 {[%emt 0:00:25]} fxe6 {[%emt 0:00:23]} 19. cxb7 {[%emt 0:00:05]} Rb8 {[%emt 0:02:46]} 20. Qxe6 {[%emt 0:00:35]} Qc7 {[%emt 0:09:21]} 21. g3 {[%emt 0:03:52]} Rxb7 {[%emt 0:17:14]} 22. Bxd5 {[%emt 0:02:56]} Rb6 {[%emt 0:01:49]} 23. Qf7+ {[%emt 0:09:08]} Kd8 {[%emt 0:00:20]} 24. Qxg7 {[%emt 0:09:55]} Rbh6 {[%emt 0:02:27]} 25. Be6 {[%emt 0:02:31]} Qd6 {[%emt 0:04:21]} 26. h3 {[%emt 0:06:10]} R8h7 {[%emt 0:15:54]} 27. Qf8+ {[%emt 0:04:55]} Kc7 {[%emt 0:00:19]} 28. Bg4 {[%emt 0:09:05]} Rf6 {[%emt 0:13:58]} 29. Qe8 {[%emt 0:19:58]} Qc5 {[%emt 0:02:26]} 30. Qd7+ {[%emt 0:05:10]} Kb8 {[%emt 0:01:51]} 31. Qd8+ {[%emt 0:01:34]} Kb7 {[%emt 0:00:02]} 32. Qd7+ {[%emt 0:17:14]} Ka6 {[%emt 0:20:58]} 33. Re3 {[%emt 0:07:23]} Nd5 {[%emt 0:06:37]} 34. Be2+ {[%emt 0:03:58]} Ka5 {[%emt 0:04:27]} 35. b4+ {[%emt 0:00:58]} Kxb4 {[%emt 0:01:20]} 36. Rb3+ {[%emt 0:00:17]} Ka5 {[%emt 0:00:23]} 37. Rb5+ {[%emt 0:00:15]} Ka4 {[%emt 0:00:30]} 38. Bd1+ {[%emt 0:02:21]} Ka3 {[%emt 0:00:13]} 39. Rb3+ {[%emt 0:00:32]} Kxa2 {[%emt 0:00:55]} 40. Qa4+ {[%emt 0:00:17]} 1-0

[Event "8th Gibraltar U16-Junior 2018"]
[Site "Caleta"]
[Date "2018.08.17"]
[Round "2"]
[White "Samworth Calvier, Juju"]
[Black "Weersing, Sarah"]
[Result "1/2-1/2"]
[WhiteElo "1816"]
[BlackElo "1608"]
[Annotator "NA RC"]
[PlyCount "36"]
[EventDate "2018.08.17"]
[EventType "swiss"]
[EventCountry "GGB"]
[SourceTitle "playchess.com"]
[Source "ChessBase"]
[SourceQuality "1"]
[TimeControl "6600+10"]

1. e4 {[%emt 0:00:00]} e6 {[%emt 0:00:00]} 2. d4 {[%emt 0:00:01]} d5 {[%emt 0:00:02]} 3. Nc3 {[%emt 0:00:30]} Nf6 {[%emt 0:00:39]} 4. Bg5 {[%emt 0:01:25]} Be7 {[%emt 0:00:19]} 5. exd5 {[%emt 0:02:29]} Nxd5 {[%emt 0:02:17]} 6. Bxe7 {[%emt 0:02:11]} Qxe7 {[%emt 0:02:52]} 7. Bd3 {[%emt 0:01:29]} Qb4 {[%emt 0:04:54]} 8. Nge2 {[%emt 0:07:28]} Qxb2 {[%emt 0:07:16]} 9. Rb1 {[%emt 0:01:05]} Nxc3 {[%emt 0:02:04]} 10. Rxb2 {[%emt 0:00:09]} Nxd1 {[%emt 0:00:12]} 11. Kxd1 {[%emt 0:00:04]} b6 {[%emt 0:06:33]} 12. Be4 {[%emt 0:02:55]} c6 {[%emt 0:00:18]} 13. Nc3 {[%emt 0:00:37]} Bd7 {[%emt 0:04:23]} 14. Re1 {[%emt 0:23:16]} O-O {[%emt 0:02:41]} 15. Nb5 {[%emt 0:06:22]} Na6 {[%emt 0:01:28]} 16. c4 {[%emt 0:00:29]} Rac8 {[%emt 0:02:12]} 17. Nd6 {[%emt 0:02:45]} Rc7 {[%emt 0:01:45]} 18. Re3 {[%emt 0:08:03]} Rd8 {[%emt 0:04:48]} 1/2-1/2

[Event "8th Gibraltar U16-Junior 2018"]
[Site "Caleta"]
[Date "2018.08.17"]
[Round "2"]
[White "Kirupakaran, Vishnu"]
[Black "Haase, Pavel"]
[Result "0-1"]
[WhiteElo "1786"]
[BlackElo "2177"]
[Annotator "TA"]
[PlyCount "64"]
[EventDate "2018.08.17"]
[EventType "swiss"]
[EventCountry "GGB"]
[SourceTitle "playchess.com"]
[Source "ChessBase"]
[SourceQuality "1"]

{[%evp 19,64,235,233,222,235,239,262,268,382,394,350,263,265,224,485,464,437,293,397,0,0,0,117,118,158,165,475,468,462,462,878,819,879,-63,-75,-74,-81,-79,0,-442,-429,-29986,-29987,-29987,-29979,-29977,-12453]} 1. e4 c5 2. Nf3 d6 3. d4 cxd4 4. Nxd4 Nf6 5. Nc3 a6 6. Bg5 e6 7. f4 Be7 8. Qf3 Qc7 9. O-O-O b5 10. e5 Bb7 11. Qg3 {Threatens to win with Bxf6. B98: Sicilian Najdorf: 6 Bg5 e6 7 f4 Be7, sidelines} dxe5 12. fxe5 Nh5 13. Qh4 {White has a decisive advantage.} g6 {[#]} (13... Bxg5+ $142 14. Qxg5 g6) (13... b4 14. Ndb5 axb5 15. Nxb5 Qc5 16. Bxe7 Qxe7 17. Nd6+ Kf8 18. Qxh5 Bd5 {1-0 (30) Hossain,E (2484)-Rahman,S (2309) Dhaka 2008}) 14. Bxb5+ $1 $18 {[%mdl 512]} axb5 15. Ndxb5 Qc5 {[#] Black wants to play ...Bxg5+.} 16. b4 $146 {[%mdl 640] White is out for blood.} ({Predecessor:} 16. Bxe7 Qxe7 17. Nd6+ Kf8 18. Qxe7+ Kxe7 {1-0 (84) Matulovic,M-Gereben,E Bath 1973}) 16... Bxg5+ $2 (16... h6 {was called for.} 17. Bxe7 (17. bxc5 Bxg5+ 18. Qxg5 hxg5 $16) 17... Qxe7 18. Nd6+ Kf8 19. Qxe7+ Kxe7) (16... Qxb4 17. Nc7+) 17. Qxg5 {[%csl Gd1][%cal Rg5d8]} Qe7 18. Qh6 Qxb4 {Strongly threatening ...Nd7.} 19. Nc7+ $2 (19. Rd4 $18 Qf8 20. Nd6+ Ke7 21. Qe3) 19... Ke7 $11 20. Qg5+ f6 (20... Kf8 $1 $11 21. Qh6+ Ke7 22. Qg5+ Kf8 23. Qh6+ Ke7) 21. exf6+ $16 Nxf6 22. Qe5 Ra6 $2 (22... Qa3+ {is tougher.} 23. Kb1 Kf7) 23. Rhf1 $1 $18 {[%csl Gf1][%cal Re5f6]} ({Not} 23. Nxa6 Bxa6 24. Nd5+ Nxd5 $16) 23... Qa3+ 24. Kb1 $1 {[%csl Gf1][%cal Re5f6]} Rb6+ (24... Nbd7 $142 25. Rxd7+ Kxd7) 25. N7b5 Rf8 {[#]} 26. Qc7+ $2 ({White should play} 26. Rxf6 $1 $18 {[%mdl 512]} Qxc3 (26... Rxf6 27. Qc7+) 27. Qxc3 Rxb5+ 28. Kc1) 26... Nfd7 $1 $15 27. Rxf8 Kxf8 28. Qd8+ {[#]} Kg7 ({Black should try} 28... Kf7 $1 $17 29. Rxd7+ Nxd7 30. Qxd7+ Qe7) 29. Qc7 $2 {[%mdl 8192]} (29. Rxd7+ $11 {and White has nothing to worry.} Nxd7 30. Qxd7+ Kh6 31. Qd4) 29... Bc6 30. Rxd7+ (30. Qd6 $19 Qc5 31. a4) 30... Nxd7 {Black mates.} 31. Qxc6 Qb4+ 32. Kc1 Rxc6 {Precision: White = 50%, Black = 30%.} (32... Qf4+ $142 33. Kb1 Rxc6 34. Kb2 Qb4+ 35. Kc1 Rxc3 36. Nxc3 Qxc3 37. Kd1 Ne5 38. Ke2 Ng4 39. Kd1 Qd4+ 40. Kc1 Ne3 41. h3 Qc3 42. Kb1 Qxc2+ 43. Ka1 Qc1#) 0-1

[Event "8th Gibraltar U16-Junior 2018"]
[Site "Caleta"]
[Date "2018.08.17"]
[Round "2"]
[White "Patel, Devan"]
[Black "Moreby, James"]
[Result "0-1"]
[WhiteElo "1716"]
[BlackElo "2084"]
[Annotator "NA RC"]
[PlyCount "56"]
[EventDate "2018.08.17"]
[EventType "swiss"]
[EventCountry "GGB"]
[SourceTitle "playchess.com"]
[Source "ChessBase"]
[SourceQuality "1"]
[TimeControl "6600+10"]

1. d4 {[%emt 0:00:05]} Nf6 {[%emt 0:00:00]} 2. Nf3 {[%emt 0:00:10]} g6 {[%emt 0:00:00]} 3. c4 {[%emt 0:00:18]} Bg7 {[%emt 0:00:40]} 4. Nc3 {[%emt 0:00:12]} O-O {[%emt 0:00:56]} 5. e4 {[%emt 0:00:13]} d6 {[%emt 0:00:03]} 6. Be2 {[%emt 0:00:09]} Qe8 {[%emt 0:00:04]} 7. O-O {[%emt 0:04:17]} e5 {[%emt 0:00:01]} 8. dxe5 {[%emt 0:04:21]} dxe5 {[%emt 0:00:02]} 9. Qc2 {[%emt 0:10:43]} c6 {[%emt 0:03:35]} 10. b3 {[%emt 0:05:23]} Qe7 {[%emt 0:00:41]} 11. a4 {[%emt 0:11:34]} Na6 {[%emt 0:06:42]} 12. Ba3 {[%emt 0:03:39]} Nb4 {[%emt 0:00:01]} 13. Qd2 {[%emt 0:03:50]} a5 {[%emt 0:00:41]} 14. Rad1 {[%emt 0:08:12]} Bg4 {[%emt 0:01:45]} 15. Qd6 {[%emt 0:07:07]} Qxd6 {[%emt 0:01:01]} 16. Rxd6 {[%emt 0:00:23]} Nc2 {[%emt 0:01:16]} 17. Bb2 {[%emt 0:07:06]} Bxf3 {[%emt 0:00:30]} 18. Bxf3 {[%emt 0:00:38]} Nd4 {[%emt 0:00:02]} 19. Bd1 {[%emt 0:08:53]} Rfc8 {[%emt 0:07:16]} 20. f4 {[%emt 0:05:34]} Ne8 {[%emt 0:08:42]} 21. Rd7 {[%emt 0:01:21]} Rc7 {[%emt 0:00:26]} 22. Rxc7 {[%emt 0:00:34]} Nxc7 {[%emt 0:00:01]} 23. Ne2 {[%emt 0:04:03]} Nxe2+ {[%emt 0:00:31]} 24. Bxe2 {[%emt 0:00:05]} exf4 {[%emt 0:00:12]} 25. Bxg7 {[%emt 0:00:17]} Kxg7 {[%emt 0:00:01]} 26. Rxf4 {[%emt 0:00:02]} Ne6 {[%emt 0:00:01]} 27. Rf3 {[%emt 0:02:48]} Rd8 {[%emt 0:01:07]} 28. Bd3 {[%emt 0:07:19]} Nd4 {[%emt 0:00:16]} 0-1

[Event "8th Gibraltar U16-Junior 2018"]
[Site "Caleta"]
[Date "2018.08.17"]
[Round "2"]
[White "Cortes Villa, Jaime"]
[Black "Diaz Mino, Pablo"]
[Result "0-1"]
[WhiteElo "1700"]
[BlackElo "2052"]
[Annotator "NA RC"]
[PlyCount "44"]
[EventDate "2018.08.17"]
[EventType "swiss"]
[EventCountry "GGB"]
[SourceTitle "playchess.com"]
[Source "ChessBase"]
[SourceQuality "1"]
[TimeControl "6600+10"]

1. e4 {[%emt 0:00:00]} e5 {[%emt 0:00:03]} 2. Nf3 {[%emt 0:00:00]} Nc6 {[%emt 0:00:07]} 3. Bb5 {[%emt 0:00:05]} a6 {[%emt 0:00:12]} 4. Bxc6 {[%emt 0:00:05]} dxc6 {[%emt 0:00:08]} 5. d4 {[%emt 0:00:05]} exd4 {[%emt 0:03:22]} 6. Qxd4 {[%emt 0:00:09]} Qxd4 {[%emt 0:00:07]} 7. Nxd4 {[%emt 0:00:05]} Bd6 {[%emt 0:05:31]} 8. Be3 {[%emt 0:01:38]} Ne7 {[%emt 0:00:34]} 9. Nd2 {[%emt 0:02:43]} f5 {[%emt 0:06:50]} 10. Nxf5 {[%emt 0:01:46]} Nxf5 {[%emt 0:05:18]} 11. exf5 {[%emt 0:00:07]} Bxf5 {[%emt 0:00:06]} 12. O-O-O {[%emt 0:00:08]} O-O-O {[%emt 0:05:40]} 13. h3 {[%emt 0:11:36]} Be6 {[%emt 0:07:54]} 14. Rhe1 {[%emt 0:13:05]} Bxa2 {[%emt 0:08:57]} 15. Bd4 {[%emt 0:11:37]} Bd5 {[%emt 0:00:29]} 16. c4 {[%emt 0:02:14]} Bxg2 {[%emt 0:02:03]} 17. Rg1 {[%emt 0:00:06]} Bxh3 {[%emt 0:00:30]} 18. Rxg7 {[%emt 0:08:54]} Bf8 {[%emt 0:04:59]} 19. Rg3 {[%emt 0:00:13]} Rxd4 {[%emt 0:00:18]} 20. Rxh3 {[%emt 0:00:07]} Bb4 {[%emt 0:00:30]} 21. Nb3 {[%emt 0:04:51]} Rxc4+ {[%emt 0:00:15]} 22. Kb1 {[%emt 0:00:05]} Rf4 {[%emt 0:00:25]} 0-1

[Event "8th Gibraltar U16-Junior 2018"]
[Site "Caleta"]
[Date "2018.08.17"]
[Round "2"]
[White "Onslow, Teddy"]
[Black "Perez Beltran, Salvador"]
[Result "1/2-1/2"]
[WhiteElo "1669"]
[BlackElo "2018"]
[Annotator "NA RC"]
[PlyCount "37"]
[EventDate "2018.08.17"]
[EventType "swiss"]
[EventCountry "GGB"]
[SourceTitle "playchess.com"]
[Source "ChessBase"]
[SourceQuality "1"]
[TimeControl "6600+10"]

1. d4 {[%emt 0:00:00]} d5 {[%emt 0:00:00]} 2. Bf4 {[%emt 0:00:00]} Nf6 {[%emt 0:00:03]} 3. e3 {[%emt 0:00:05]} e6 {[%emt 0:00:04]} 4. Bd3 {[%emt 0:00:05]} c5 {[%emt 0:00:05]} 5. c3 {[%emt 0:00:04]} Nc6 {[%emt 0:00:09]} 6. Nd2 {[%emt 0:00:05]} Bd6 {[%emt 0:04:03]} 7. Bxd6 {[%emt 0:00:21]} Qxd6 {[%emt 0:00:09]} 8. f4 {[%emt 0:00:06]} O-O {[%emt 0:02:18]} 9. Ngf3 {[%emt 0:00:06]} b6 {[%emt 0:02:10]} 10. O-O {[%emt 0:00:20]} Bb7 {[%emt 0:11:39]} 11. Ne5 {[%emt 0:01:12]} Ne7 {[%emt 0:03:04]} 12. Qf3 {[%emt 0:09:28]} Nd7 {[%emt 0:09:07]} 13. Qh3 {[%emt 0:03:26]} f5 {[%emt 0:10:41]} 14. Ndf3 {[%emt 0:04:47]} Nf6 {[%emt 0:05:50]} 15. g4 {[%emt 0:02:23]} fxg4 {[%emt 0:04:13]} 16. Nxg4 {[%emt 0:00:39]} Nf5 {[%emt 0:00:46]} 17. Kh1 {[%emt 0:11:53]} Nxg4 {[%emt 0:02:24]} 18. Qxg4 {[%emt 0:00:07]} Rf6 {[%emt 0:11:21]} 19. Ne5 {[%emt 0:02:30]} 1/2-1/2

[Event "8th Gibraltar U16-Junior 2018"]
[Site "Caleta"]
[Date "2018.08.17"]
[Round "2"]
[White "Krivenko, Dion"]
[Black "Silva, Pedro Gil Ferreira "]
[Result "0-1"]
[WhiteElo "1635"]
[BlackElo "1795"]
[Annotator "NA RC"]
[PlyCount "96"]
[EventDate "2018.08.17"]
[EventType "swiss"]
[EventCountry "GGB"]
[SourceTitle "playchess.com"]
[Source "ChessBase"]
[SourceQuality "1"]
[TimeControl "6600+10"]

1. e4 {[%emt 0:00:00]} c6 {[%emt 0:00:00]} 2. d4 {[%emt 0:00:00]} d5 {[%emt 0:00:05]} 3. Nc3 {[%emt 0:00:11]} dxe4 {[%emt 0:00:27]} 4. Nxe4 {[%emt 0:00:07]} Nd7 {[%emt 0:00:50]} 5. Nf3 {[%emt 0:00:19]} Ngf6 {[%emt 0:00:31]} 6. Ng3 {[%emt 0:00:06]} e6 {[%emt 0:00:32]} 7. Bd3 {[%emt 0:00:07]} c5 {[%emt 0:00:17]} 8. O-O {[%emt 0:01:04]} cxd4 {[%emt 0:00:29]} 9. Nxd4 {[%emt 0:00:31]} Bc5 {[%emt 0:00:22]} 10. Nb3 {[%emt 0:00:17]} Be7 {[%emt 0:00:28]} 11. Re1 {[%emt 0:00:42]} O-O {[%emt 0:01:00]} 12. Qf3 {[%emt 0:00:17]} h6 {[%emt 0:10:46]} 13. Bd2 {[%emt 0:07:02]} Bd6 {[%emt 0:14:24]} 14. Ne4 {[%emt 0:10:19]} Bc7 {[%emt 0:02:04]} 15. Nxf6+ {[%emt 0:01:17]} Nxf6 {[%emt 0:00:05]} 16. Rad1 {[%emt 0:02:27]} Qd6 {[%emt 0:13:33]} 17. g3 {[%emt 0:06:25]} e5 {[%emt 0:16:21]} 18. a3 {[%emt 0:07:28]} Bg4 {[%emt 0:03:08]} 19. Qxb7 {[%emt 0:02:31]} Rfb8 {[%emt 0:04:36]} 20. Qg2 {[%emt 0:03:00]} Bxd1 {[%emt 0:00:18]} 21. Rxd1 {[%emt 0:00:31]} Re8 {[%emt 0:03:38]} 22. Bb4 {[%emt 0:03:10]} Qe6 {[%emt 0:02:12]} 23. Nc5 {[%emt 0:08:57]} Qg4 {[%emt 0:13:22]} 24. Re1 {[%emt 0:01:29]} Bb6 {[%emt 0:05:10]} 25. Ne4 {[%emt 0:05:59]} Nd5 {[%emt 0:03:58]} 26. Nd6 {[%emt 0:06:52]} Nxb4 {[%emt 0:04:11]} 27. Be2 {[%emt 0:06:42]} Qd4 {[%emt 0:05:09]} 28. Nxe8 {[%emt 0:03:57]} Rxe8 {[%emt 0:01:32]} 29. Rd1 {[%emt 0:10:38]} Qxb2 {[%emt 0:00:55]} 30. axb4 {[%emt 0:00:15]} Qxc2 {[%emt 0:00:15]} 31. Qf1 {[%emt 0:01:02]} e4 {[%emt 0:01:09]} 32. Rc1 {[%emt 0:02:47]} Qb2 {[%emt 0:00:15]} 33. Qe1 {[%emt 0:03:53]} e3 {[%emt 0:00:37]} 34. f3 {[%emt 0:00:04]} Qd2 {[%emt 0:00:10]} 35. Kf1 {[%emt 0:01:00]} Qd5 {[%emt 0:00:37]} 36. Qd1 {[%emt 0:02:31]} Qh5 {[%emt 0:00:30]} 37. Kg2 {[%emt 0:01:05]} Rd8 {[%emt 0:00:21]} 38. Qb3 {[%emt 0:05:39]} Rd2 {[%emt 0:00:32]} 39. Re1 {[%emt 0:01:56]} Qb5 {[%emt 0:00:30]} 40. Kf1 {[%emt 0:00:30]} Qf5 {[%emt 0:00:08]} 41. Qc4 {[%emt 0:00:36]} Qh3+ {[%emt 0:00:12]} 42. Kg1 {[%emt 0:00:05]} h5 {[%emt 0:00:06]} 43. g4 {[%emt 0:01:04]} Qh4 {[%emt 0:00:06]} 44. Rf1 {[%emt 0:01:07]} Rd4 {[%emt 0:00:21]} 45. Qc8+ {[%emt 0:00:32]} Rd8 {[%emt 0:00:02]} 46. Qc4 {[%emt 0:00:06]} g6 {[%emt 0:00:21]} 47. gxh5 {[%emt 0:00:22]} Qxc4 {[%emt 0:00:02]} 48. Bxc4 {[%emt 0:00:02]} e2+ {[%emt 0:00:01]} 0-1